Biblioteca

Visión cristiana del mundo. (Registro nro. 65043)

Detalles MARC
000 -LÍDER
Campo fijo de descripción fija 0236822 a220039700 4500
001 - NÚMERO DE CONTROL
Campo de control 768714001
003 - IDENTIFICADOR DEL NÚMERO DE CONTROL
Campo de control O-MdFUSB
005 - FECHA Y HORA DE LA ULTIMA TRANSACCIÓN
control field 20190513143802.0
006 - ELEMENTOS DE LONGITUD FIJA - CARACTERÍSTICAS DE MATERIALES ADICIONALES - INFORMACIÓN GENERAL
Campo fijo de descripción fija -- Información general m o d |
007 - CAMPO FIJO DE DESCRIPCIÓN FIJA--INFORMACIÓN GENERAL
Campo fijo de descripción fija cr cnu||||||||
008 - ELEMENTOS DE LONGITUD FIJA -- INFORMACIÓN GENERAL
Campo fijo de descripción fija -- Información general 190425s2015 xx o ||||0 spa d
020 ## - NÚMERO INTERNACIONAL NORMALIZADO PARA LIBROS
Número Internacional Normalizado del libro 9781512957457
Información adicional (electronic bk.)
020 ## - NÚMERO INTERNACIONAL NORMALIZADO PARA LIBROS
Cancelado / ISBN no válido 9788431330576
040 ## - FUENTE DE CATALOGACIÓN
Agencia de catalogación original MiAaPQ
Idioma de catalogación eng
Convenciones de la descripción rda
-- pn
Agencia que realiza la transcripción CO-MdFUSB
Agencia que realiza la modificación MiAaPQ
100 1# - ASIENTO PRINCIPAL--NOMBRE PERSONAL
Nombre personal Lluch, Miguel.
245 10 - TÍTULO
Título del Material Visión cristiana del mundo.
Parte restante del título - Subtitulo : escritos sobre cristianismo y cultura contemporánea.
Mención de responsabilidad, etc. / Miguel Lluch.
264 #1 - PRODUCCIÓN, PUBLICACIÓN, DISTRIBUCIÓN, MANUFACTURA, Y COPYRIGHT
Lugar de producción, publicación, distribución, manufactura Pamplona :
Nombre del productor, publicador, distribuidor EUNSA,
Fecha de producción, publicación, distribución, manufactura, o copyright 2015.
264 #4 - PRODUCCIÓN, PUBLICACIÓN, DISTRIBUCIÓN, MANUFACTURA, Y COPYRIGHT
Fecha de producción, publicación, distribución, manufactura, o copyright ©2015.
300 ## - DESCRIPCIÓN FÍSICA
Extensión 1 Recurso en linea (304 páginas)
336 ## - TIPO DE CONTENIDO
Término de tipo de contenido texto
Código de tipo de contenido txt
Fuente rdacontent
337 ## - TIPO DE MEDIO
Nombre del tipo de medio
Código del tipo de medio c
Fuente rdamedia
338 ## - TIPO DE SOPORTE
-- emoto
Código Tipo de soporte cr
Fuente rdacarrier
505 0# - NOTA DE CONTENIDO
Nota de contenido con formato preestablecido Visión cristiana del mundo. Escritos sobre (...) -- página legal -- índice -- presentación -- introducción -- lógica del dominio o del servicio: una (...) -- la katolische weltanschauung de romano (...) -- Adán o Cristo. El fundamento de la (...) -- trabajo de cristo y trabajo del cristiano -- posibilidades y límites para una comprensión (...) -- la unidad de los saberes en la historia (...) -- sobre el significado antropológico y ético (...) -- sobre el nihilismo. Reflexiones de teología (...) -- el drama de una ética sin límites -- cristianos en Europa después de la cultura (...) -- procedencia de los textos.
516 ## - NOTA DE TIPO DE ARCHIVO O DATOS DE COMPUTADOR
Nota de tipo de archivo o datos de computador texto electrónico
538 ## - NOTA DE DETALLES DEL SISTEMA
Nota de detalles del sistema Acceso a Internet; requiere usuario y clave asignada por la biblioteca.
588 ## - SOURCE OF DESCRIPTION NOTE
Source of description note Una descripción basada en metadatos suministrados por el editor y otras fuentes.
655 #4 - TERMINO DE INDIZACION - GENERO/FORMA
Datos o término principal de género/forma Libro electrónico.
776 08 - ASIENTO DE SOPORTE FISICO ADICIONAL
Información de relación Versión impresa:
Asiento principal Lluch, Miguel
Título Visión cristiana del mundo: escritos sobre cristianismo y cultura contemporánea
Place, publisher, and date of publication Pamplona : EUNSA,c2015
Número de libro internacional estándar 9788431330576
797 2# -
-- ProQuest (Firm)
856 40 - LOCALIZACIÓN Y ACCESO ELECTRÓNICOS
Identificador Uniforme del Recurso <a href="https://ebookcentral.proquest.com/lib/unisbcsp/detail.action?docID=5514081">https://ebookcentral.proquest.com/lib/unisbcsp/detail.action?docID=5514081</a>
Nota dirigida al público <a href="Abrir versión electrónica del libro Aquí">Abrir versión electrónica del libro Aquí</a>
Existencias
Estado de Material Estado de Perdido Estado de Dañado No para Préstamo Colección Biblioteca de Origen Biblioteca Permanente Ubicación en Estantería Fecha de Adquisición Forma de Adquisición Total de Préstamos Código de Barras Última vez visto Ejemplar/Existencia Url Fecha de Remplazo Tipo de Material
        Colección Libros Electrónicos Biblioteca FUSBC Biblioteca FUSBC Libro electrónico 06/03/2019 Compra.   ID5514081 13/05/2019 Ej. 1 http://bit.ly/2LCOpYP 13/05/2019 Libro electrónico

Biblioteca FUSBC | Teléfono: (57+4) 349 88 10 Ext. 141| WhatsApp (+57) 3005338115 
E-mail: biblioteca@unisbc.edu.co | Calle 76 87-14 Robledo Palenque, Medellín, Colombia

Con tecnología Koha